000 00441cam a22001337a 4500
008 180718b1966 xxu||||| |||| 00| 0 eng d
082 _aA81x54 In2/61/15/Pt 2C/4
100 _aCensus of India 1961
245 _aUttar Pradesh: cultural and migration tables
260 _aDelhi
_bThe Manager of Publications
_c1966
300 _a287+p.
440 _aCensus of India 1961. Volume XV, Uttar Pradesh. Part II C (iv)
500 _aTables D-IV and V
999 _c484385
_d484385